000 00668nam a2200241Ia 4500
003 OSt
005 20220928104428.0
006 a|||||r|||| 00| 0
007 ta
008 220927b |||||||| |||| 00| 0 eng d
024 _a543
037 _cTextual
040 _aSDCL
_cSDCL
_beng
041 _2eng
_aeng
082 _aV2:3(Q)'P, P5
100 _aPunyani Ram
_9410375
245 0 _aSampradayik rajniti
_bTathya and mithak.Tr by Ramkishan Gupta
260 _aNew Delhi
_bVani Prakashan
_c2005
300 _a282p
_ccm.
650 _aSecularism India
_9410376
942 _hV2:3(Q)'P, P5
_cTEXL
_2CC
999 _c725998
_d725998